Advanced water distribution modeling and management /

Guardado en:
Autor Principal: Walski, Thomas M.
Autor Corporativo: Haestad Methods.
Formato: Libro
Idioma:English
Publicado: Waterbury : Haestad Press, 2003.
Materias:
Etiquetas: Agregar Etiqueta
Sin Etiquetas, Sea el primero en etiquetar este registro!
LEADER 00652nam a22002055a 4500
001 EUN.um069982
003 AR-BaUNS
005 20050623122933.0
008 041125s2003####xxua##########000#0#eng#d
245 1 0 |a Advanced water distribution modeling and management /  |c Haestad Methods. Thomas M. Walski. 
260 |a Waterbury :  |b Haestad Press,  |c 2003. 
300 |a 751 p. :  |b ill. ;  |c 27 cm. 
020 |a 0971414122 
100 1 |a Walski, Thomas M. 
082 0 4 |a 628.1 
653 |a Recursos hidricos 
653 |a Agua 
653 |a Ingenieria del abastecimiento de agua 
110 2 |a Haestad Methods. 
859 |a Ar-BaUNS  |b BIB. CENTRAL - Sector A  |h 628.1  |i H119  |p 114075/003